000 00434nam a2200157Ia 4500
003 GCL
008 140319s9999 xx 000 0 eng d
040 _aGCL /
_cGCL
082 0 4 _a940
_bM S
100 1 _aMACKENNEY, RICHARD
245 1 0 _aSIXTEENTH CENTURY EUROPE: EXPANSION AND CONFLICT /
_cMACKENNEY, RICHARD
260 _a[S.N] :
_bMACMILIAN ،
_c1993
300 _a393 P
650 0 4 _aEUROPE, SIXTEENTH CENTURY
942 _2ddc
_cBK
999 _c21406
_d21406